|
|
|
|
| LEADER |
00000cas a2200000 a 4500 |
| 001 |
vtls008885687 |
| 003 |
SK-MaSNL |
| 005 |
20260228162157.0 |
| 008 |
150717d19952000xo mr|p 0 0 b0slo c |
| 040 |
|
|
|a SVKBB
|b slo
|c SVKBB
|d STUSCHK1
|d SNK
|e AACR2
|
| 041 |
0 |
|
|a slo
|a cze
|
| 072 |
|
7 |
|a 339
|x Obchod
|2 konspekt
|
| 072 |
|
7 |
|a 658
|x Riadenie a správa podniku
|2 konspekt
|
| 080 |
|
|
|a 339.138
|2 2001
|
| 080 |
|
|
|a 050
|2 2001
|
| 080 |
|
|
|a 658.8
|2 2001
|
| 245 |
0 |
0 |
|a Marketing - praktické rady
|b mesačník pre šéfov a pracovníkov výroby, marketingu, predaja a odbytu
|
| 260 |
|
|
|a Bratislava
|b UNIAPRESS International
|c 1995-2000
|
| 300 |
|
|
|a 6 zv.
|c 29 cm
|
| 310 |
|
|
|a 1x mesačne
|
| 362 |
0 |
|
|a Roč. V, č. 1 (1995)-roč. X, č. 11-12/2000
|
| 500 |
|
|
|a Registračné číslo: MK SR 1152/94
|
| 546 |
|
|
|a Text aj v češ.
|
| 650 |
0 |
7 |
|a marketing
|2 SNKPH
|9 2299
|
| 655 |
|
7 |
|a odborné časopisy
|2 SNKPH
|9 70505
|
| 780 |
0 |
0 |
|t Praktická škola marketingu
|w vtls008882448
|
| 785 |
0 |
0 |
|t Efektívny marketing
|w vtls008885690
|
| 850 |
|
|
|a Slovenská chemická knižnica v Bratislave
|
| 852 |
|
|
|a Štátna vedecká knižnica v Banskej Bystrici
|
| 910 |
|
|
|a snk
|
| 910 |
|
|
|a SCHK95
|
| 916 |
|
|
|a 1995-2000
|
| 999 |
|
|
|c 7014
|d 8944
|
| 952 |
|
|
|0 0
|1 0
|4 0
|7 0
|8 0
|a SNK
|b SNK
|d 2004-01-08
|f 1
|i snkČSP 878/99
|l 0
|o snkČSD 1796/5/1995
|p 17A0409061
|r 2005-01-02 00:00:00
|t č. 1-12
|w 2026-02-21
|y PREZ
|
| 952 |
|
|
|0 0
|1 0
|4 0
|7 0
|8 0
|a SNK
|b SNK
|d 2004-01-08
|i snkČSP 879/99
|l 0
|o snkČSD 1796/5/1995 D1
|p 17A0409064
|r 2005-01-02 00:00:00
|w 2026-02-21
|y PREZ
|
| 952 |
|
|
|0 0
|1 0
|4 0
|7 0
|8 0
|a SNK
|b SNK
|d 2004-01-08
|f 1
|i snkČSP 883/99
|l 0
|o snkČSD 1796/7/1997
|p 17A0409040
|r 2005-01-02 00:00:00
|t č. 1-12,+príl.
|w 2026-02-21
|y PREZ
|z príloha Informácie má čiar. kód
|
| 952 |
|
|
|0 0
|1 0
|4 0
|7 0
|8 0
|a SNK
|b SNK
|d 2004-01-08
|i snkČSP 883/99
|l 0
|o snkČSD 1796/7/1997 príl.
|p 17A0409039
|r 2005-01-02 00:00:00
|t č. 1-9
|w 2026-02-21
|y PREZ
|z Informácie pre predajcov a obchodných zástupcov
|
| 952 |
|
|
|0 0
|1 0
|4 0
|7 0
|8 0
|a SNK
|b SNK
|d 2005-12-06
|i snkČSP 2730/2002
|l 0
|o snkČSD 1796/9/1999 D1
|p 17A0490879
|r 2026-02-21 19:30:04
|t č. 1 - 12, úpl.
|w 2026-02-21
|y PREZ
|
| 952 |
|
|
|0 0
|1 0
|3 príloha: Informácie 1-9
|4 0
|7 0
|a SNK
|b SNK
|d 2011-01-10
|i snkČSP 882/99
|l 0
|o snkČSD 1796/7/1997 D1
|p 17A0683248
|r 2026-02-21 19:56:26
|t č. 1-12
|w 2026-02-21
|y PREZ
|
| 952 |
|
|
|0 0
|1 0
|4 0
|7 0
|a SNK
|b SNK
|d 2011-01-10
|l 0
|o snkČSD 1796/7/1997 príl. D1
|p 17A0683247
|r 2026-02-21 19:56:26
|t č. 1-9
|w 2026-02-21
|y PREZ
|
| 952 |
|
|
|0 0
|1 0
|3 rekatalogizácia
|4 0
|7 0
|a SNK
|b SNK
|d 2007-01-03
|i snkČSP 2724/2002
|l 0
|o snkČSD 1796/10/2000 D1
|p 17A0532824
|r 2026-02-21 20:27:03
|t č. 1-12
|w 2026-02-21
|y PREZ
|z č. 1-12
|
| 952 |
|
|
|0 0
|1 0
|4 0
|7 0
|a SNK
|b SNK
|d 2004-10-20
|i snkČSP 2728/2002
|l 0
|o snkČSD 1796/8/1998 D1
|p 17A0445035
|r 2005-01-02 00:00:00
|t P60, <06>, [ISSBD], {606}
|w 2026-02-21
|y PREZ
|
| 952 |
|
|
|0 0
|1 0
|3 Rekatalogizácia
|4 0
|7 0
|a SNK
|b SNK
|d 2006-01-18
|f 1
|i snkČSP 2727/2002
|l 0
|o snkČSD 1796/8/1998
|p 17A0495297
|r 2026-02-21 21:00:35
|t č. 1-12,+príl.
|w 2026-02-21
|y PREZ
|z príl. Informácie pre predajcov a obchodných zástupcov č. 1-3
|
| 952 |
|
|
|0 0
|1 0
|4 0
|7 0
|a SNK
|b SNK
|d 2015-06-19
|f 1
|i snkČSP 880/99
|l 0
|o snkČSD 1796/6/1996
|p 17A0829285
|r 2026-02-21 21:46:28
|t č. 1-12
|w 2026-02-21
|y PREZ
|
| 952 |
|
|
|0 0
|1 0
|4 0
|7 0
|a SNK
|b SNK
|d 2015-06-19
|f 1
|i snkČSP 2729/2002
|l 0
|o snkČSD 1796/9/1999
|p 17A0829286
|r 2026-02-21 21:46:29
|t č. 1-12
|w 2026-02-21
|y PREZ
|
| 952 |
|
|
|0 0
|1 0
|4 0
|7 0
|a SNK
|b SNK
|d 2015-06-19
|f 1
|i snkČSP 2723/2002
|l 0
|o snkČSD 1796/10/2000
|p 17A0829287
|r 2026-02-21 21:46:29
|t č. 1-12
|w 2026-02-21
|y PREZ
|